<?xml version="1.0" encoding="UTF-8"?>
<collection xmlns="http://www.loc.gov/MARC21/slim">
 <record>
  <leader>03786cam a2200649 c 4500</leader>
  <controlfield tag="001">317572709</controlfield>
  <controlfield tag="003">DE-627</controlfield>
  <controlfield tag="005">20250218193418.0</controlfield>
  <controlfield tag="007">cd uuu---uuuuu</controlfield>
  <controlfield tag="008">000726s2000    gw |||||q     00| ||ger c</controlfield>
  <datafield tag="015" ind1=" " ind2=" ">
   <subfield code="a">00,A32,1852</subfield>
   <subfield code="2">dnb</subfield>
  </datafield>
  <datafield tag="016" ind1="7" ind2=" ">
   <subfield code="a">959192875</subfield>
   <subfield code="2">DE-101</subfield>
  </datafield>
  <datafield tag="020" ind1=" " ind2=" ">
   <subfield code="a">3806214662</subfield>
   <subfield code="q">DM 69.00, EUR 35.28</subfield>
  </datafield>
  <datafield tag="024" ind1="3" ind2=" ">
   <subfield code="a">9783806214666</subfield>
  </datafield>
  <datafield tag="035" ind1=" " ind2=" ">
   <subfield code="a">(DE-627)317572709</subfield>
  </datafield>
  <datafield tag="035" ind1=" " ind2=" ">
   <subfield code="a">(DE-576)085546348</subfield>
  </datafield>
  <datafield tag="035" ind1=" " ind2=" ">
   <subfield code="a">(DE-599)GBV317572709</subfield>
  </datafield>
  <datafield tag="035" ind1=" " ind2=" ">
   <subfield code="a">(OCoLC)76154108</subfield>
  </datafield>
  <datafield tag="035" ind1=" " ind2=" ">
   <subfield code="a">(OCoLC)313539918</subfield>
  </datafield>
  <datafield tag="035" ind1=" " ind2=" ">
   <subfield code="a">(OCoLC)1078753839</subfield>
  </datafield>
  <datafield tag="035" ind1=" " ind2=" ">
   <subfield code="a">(DE-604)8065721969</subfield>
  </datafield>
  <datafield tag="040" ind1=" " ind2=" ">
   <subfield code="a">DE-627</subfield>
   <subfield code="b">ger</subfield>
   <subfield code="c">DE-627</subfield>
   <subfield code="e">rakwb</subfield>
  </datafield>
  <datafield tag="041" ind1=" " ind2=" ">
   <subfield code="a">ger</subfield>
  </datafield>
  <datafield tag="044" ind1=" " ind2=" ">
   <subfield code="c">XA-DE</subfield>
  </datafield>
  <datafield tag="084" ind1=" " ind2=" ">
   <subfield code="a">63</subfield>
   <subfield code="2">sdnb</subfield>
  </datafield>
  <datafield tag="084" ind1=" " ind2=" ">
   <subfield code="a">LH 67760</subfield>
   <subfield code="2">rvk</subfield>
   <subfield code="0">(DE-625)rvk/94688:154</subfield>
  </datafield>
  <datafield tag="084" ind1=" " ind2=" ">
   <subfield code="a">ZH 5050</subfield>
   <subfield code="2">rvk</subfield>
   <subfield code="0">(DE-625)rvk/156170:</subfield>
  </datafield>
  <datafield tag="245" ind1="0" ind2="0">
   <subfield code="a">Burgen</subfield>
   <subfield code="b">Spurensuche in Ruinen und alten Gemäuern ; Burgen als Sinnbilder mittelalterlicher Macht und Größe ; alles über Entwicklung und Gestalt ; bauliche Besonderheiten ; kalt und ungemütlich - aber sicher ; Belagerungen konnten dauern ; Erhaltung und Nutzung heute ; Besuch auf 130 Burgen in Deutschland, Österreich, der Schweiz, Südtirol, Tschechien und Polen</subfield>
   <subfield code="c">Projektgruppe &quot;Rosula&quot;</subfield>
  </datafield>
  <datafield tag="264" ind1=" " ind2="1">
   <subfield code="a">[Stuttgart]</subfield>
   <subfield code="b">Theiss</subfield>
   <subfield code="c">[circa 2000]</subfield>
  </datafield>
  <datafield tag="300" ind1=" " ind2=" ">
   <subfield code="a">1 CD-ROM</subfield>
   <subfield code="b">farb., mit Ton</subfield>
   <subfield code="c">12 cm, in Behältnis 24 x 18 x 4 cm</subfield>
   <subfield code="e">Beil. (17 S.)</subfield>
  </datafield>
  <datafield tag="336" ind1=" " ind2=" ">
   <subfield code="a">Text</subfield>
   <subfield code="b">txt</subfield>
   <subfield code="2">rdacontent</subfield>
  </datafield>
  <datafield tag="337" ind1=" " ind2=" ">
   <subfield code="a">Computermedien</subfield>
   <subfield code="b">c</subfield>
   <subfield code="2">rdamedia</subfield>
  </datafield>
  <datafield tag="338" ind1=" " ind2=" ">
   <subfield code="a">Computerdisk</subfield>
   <subfield code="b">cd</subfield>
   <subfield code="2">rdacarrier</subfield>
  </datafield>
  <datafield tag="490" ind1="0" ind2=" ">
   <subfield code="a">Geschichtsmomente</subfield>
  </datafield>
  <datafield tag="500" ind1=" " ind2=" ">
   <subfield code="a">Titel auf dem Behältnis</subfield>
  </datafield>
  <datafield tag="538" ind1=" " ind2=" ">
   <subfield code="a">Systemvoraussetzungen PC (IBM-kompatibel): Pentium-Prozessor; 16 MB  Arbeitsspeicher; 8-fach CD-ROM-Laufwerk, Auflösung 640 x 480 auf 16-Bit-Monitor; Soundkarte 16 Bit Soundblaster kompatibel; Windows 95, 98, NT;</subfield>
  </datafield>
  <datafield tag="538" ind1=" " ind2=" ">
   <subfield code="a">Systemvoraussetzungen Apple Macintosh: Macintosh PPC; CD-ROM-Laufwerk; Soundkarte;</subfield>
  </datafield>
  <datafield tag="538" ind1=" " ind2=" ">
   <subfield code="a">PC (IBM-kompatibel:) Windows 95, 98, NT; Pentium-Prozessor; Soundkarte 16 Bit Soundblaster kompatibel; 16 MB Arbeitsspeicher; 8-fach CD-ROM-Laufwerk; Auflösung 640x480 auf 16 Bit-Monitor. Apple-Macintosh: Alle Systeme möglich; CD-ROM-Laufwerk; Soundkarte.</subfield>
  </datafield>
  <datafield tag="583" ind1="1" ind2=" ">
   <subfield code="a">Archivierung/Langzeitarchivierung gewährleistet</subfield>
   <subfield code="f">PEBW</subfield>
   <subfield code="x">XA-DE-BW</subfield>
   <subfield code="2">pdager</subfield>
   <subfield code="5">DE-24</subfield>
  </datafield>
  <datafield tag="650" ind1="0" ind2="7">
   <subfield code="0">(DE-588)4009104-1</subfield>
   <subfield code="0">(DE-627)106364677</subfield>
   <subfield code="0">(DE-576)208880399</subfield>
   <subfield code="a">Burg</subfield>
   <subfield code="2">gnd</subfield>
  </datafield>
  <datafield tag="650" ind1="0" ind2="7">
   <subfield code="0">(DE-588)4023693-6</subfield>
   <subfield code="0">(DE-627)106302191</subfield>
   <subfield code="0">(DE-576)208950974</subfield>
   <subfield code="a">Haus</subfield>
   <subfield code="2">gnd</subfield>
  </datafield>
  <datafield tag="650" ind1="0" ind2="7">
   <subfield code="0">(DE-588)4129108-6</subfield>
   <subfield code="0">(DE-627)104535474</subfield>
   <subfield code="0">(DE-576)209607793</subfield>
   <subfield code="a">Mittelalter</subfield>
   <subfield code="2">gnd</subfield>
  </datafield>
  <datafield tag="655" ind1=" " ind2="7">
   <subfield code="a">CD-ROM</subfield>
   <subfield code="0">(DE-588)4139307-7</subfield>
   <subfield code="0">(DE-627)105636290</subfield>
   <subfield code="0">(DE-576)209693312</subfield>
   <subfield code="2">gnd-carrier</subfield>
  </datafield>
  <datafield tag="689" ind1="0" ind2="0">
   <subfield code="d">g</subfield>
   <subfield code="0">(DE-588)4015701-5</subfield>
   <subfield code="0">(DE-627)104289007</subfield>
   <subfield code="0">(DE-576)208913092</subfield>
   <subfield code="a">Europa</subfield>
   <subfield code="2">gnd</subfield>
  </datafield>
  <datafield tag="689" ind1="0" ind2="1">
   <subfield code="d">s</subfield>
   <subfield code="0">(DE-588)4009104-1</subfield>
   <subfield code="0">(DE-627)106364677</subfield>
   <subfield code="0">(DE-576)208880399</subfield>
   <subfield code="a">Burg</subfield>
   <subfield code="2">gnd</subfield>
  </datafield>
  <datafield tag="689" ind1="0" ind2=" ">
   <subfield code="5">DE-101</subfield>
  </datafield>
  <datafield tag="710" ind1="2" ind2=" ">
   <subfield code="a">Projektgruppe Rosula</subfield>
   <subfield code="0">(DE-588)2184068-4</subfield>
   <subfield code="0">(DE-627)319002535</subfield>
   <subfield code="0">(DE-576)198106130</subfield>
   <subfield code="4">oth</subfield>
  </datafield>
  <datafield tag="787" ind1="0" ind2="8">
   <subfield code="i">Rezensiert in</subfield>
   <subfield code="a">Krauß, Susanne</subfield>
   <subfield code="t">[Rezension von: Dietrich Herrmann, Manfred Kühr, Burgen; Dietrich Herrmann, Manfred Kühr, Rittertum &amp; Mittelalter]</subfield>
   <subfield code="d">Braubach : Europäisches Burgeninstitut, 2001</subfield>
   <subfield code="w">(DE-627)1837133840</subfield>
  </datafield>
  <datafield tag="935" ind1=" " ind2=" ">
   <subfield code="a">BGTS</subfield>
  </datafield>
  <datafield tag="935" ind1=" " ind2=" ">
   <subfield code="i">Blocktest</subfield>
  </datafield>
  <datafield tag="936" ind1="r" ind2="v">
   <subfield code="a">LH 67760</subfield>
   <subfield code="b">allgemein</subfield>
   <subfield code="k">Kunstgeschichte</subfield>
   <subfield code="k">Allgemeines. Allgemeine Kunstgeschichte</subfield>
   <subfield code="k">Kunstgeschichte einzelner Gattungen der Kunst</subfield>
   <subfield code="k">Architektur</subfield>
   <subfield code="k">Ordnung nach Aufgaben</subfield>
   <subfield code="k">Wehrbauten (Burg, Befestigungsbauten, Kriegsbaukunst)</subfield>
   <subfield code="k">allgemein</subfield>
   <subfield code="0">(DE-627)1270787403</subfield>
   <subfield code="0">(DE-625)rvk/94688:154</subfield>
   <subfield code="0">(DE-576)200787403</subfield>
  </datafield>
  <datafield tag="936" ind1="r" ind2="v">
   <subfield code="a">ZH 5050</subfield>
   <subfield code="b">Wohngebäude, Geschichte</subfield>
   <subfield code="k">Technik</subfield>
   <subfield code="k">Architektur</subfield>
   <subfield code="k">Wohnungsbau</subfield>
   <subfield code="k">Wohngebäude, Geschichte</subfield>
   <subfield code="0">(DE-627)1271341417</subfield>
   <subfield code="0">(DE-625)rvk/156170:</subfield>
   <subfield code="0">(DE-576)201341417</subfield>
  </datafield>
  <datafield tag="951" ind1=" " ind2=" ">
   <subfield code="a">BO</subfield>
  </datafield>
  <datafield tag="990" ind1=" " ind2=" ">
   <subfield code="a">Europa</subfield>
  </datafield>
  <datafield tag="990" ind1=" " ind2=" ">
   <subfield code="a">Burg</subfield>
  </datafield>
  <datafield tag="991" ind1=" " ind2=" ">
   <subfield code="a">Rezensiertes Werk</subfield>
  </datafield>
  <datafield tag="999" ind1=" " ind2=" ">
   <subfield code="a">KXP-PPN317572709</subfield>
   <subfield code="e">4916014529</subfield>
  </datafield>
 </record>
</collection>
